Pilkkāla Lattīn sāhityacaritr̲aṃ. (Record no. 80851)

MARC details
000 -LEADER
fixed length control field 00578cam a22002171 4500
001 - CONTROL NUMBER
control field sa 68005655
003 - CONTROL NUMBER IDENTIFIER
control field DLC
005 - DATE AND TIME OF LATEST TRANSACTION
control field 20260227112510.0
008 - FIXED-LENGTH DATA ELEMENTS--GENERAL INFORMATION
fixed length control field 890830s1966 ii 000 0 malo
010 ## - LIBRARY OF CONGRESS CONTROL NUMBER
LC control number sa 68005655
035 ## - SYSTEM CONTROL NUMBER
System control number (OCoLC)20281680
040 ## - CATALOGING SOURCE
Original cataloging agency DLC
Transcribing agency WaU
Modifying agency DLC
043 ## - GEOGRAPHIC AREA CODE
Geographic area code e------
-- ff-----
-- aw-----
050 00 - LIBRARY OF CONGRESS CALL NUMBER
Classification number PA6008
Item number .K7
100 0# - MAIN ENTRY--PERSONAL NAME
Personal name Krishna Chaitanya,
Dates associated with a name 1918-
245 10 - TITLE STATEMENT
Title Pilkkāla Lattīn sāhityacaritr̲aṃ.
260 ## - PUBLICATION, DISTRIBUTION, ETC.
Date of publication, distribution, etc. [1966]
300 ## - PHYSICAL DESCRIPTION
Extent 400 p.
Dimensions 18 cm.
500 ## - GENERAL NOTE
General note In Malayalam.
650 #0 - SUBJECT ADDED ENTRY--TOPICAL TERM
Topical term or geographic name entry element Latin literature
General subdivision History and criticism.

No items available.

Powered by Koha